[Event "Ukraine Women`s Final - 2015					"]
[Site "Lviv"]
[Date "2015.12.05"]
[Round "1.1"]
[White "Gaponenko, Inna"]
[Black "Soloviova, Liza"]
[Result "0-1"]
[WhiteElo "2403"]
[BlackElo "2315"]
[PlyCount "104"]
[EventDate "2015.12.05"]

1. e4 Nf6 2. e5 Nd5 3. d4 d6 4. Nf3 dxe5 5. Nxe5 Nd7 6. Nxf7 Kxf7 7. Qh5+ Ke6
8. c4 N5f6 9. d5+ Kd6 10. Qf7 Ne5 11. Bf4 c5 12. Nc3 a6 13. O-O-O g6 14. Bxe5+
Kxe5 15. d6 Bh6+ 16. Kc2 Qe8 17. Qxe8 Rxe8 18. g3 Bg4 19. Be2 Bxe2 20. Rhe1
exd6 21. Rxe2+ Kf5 22. Rxd6 Rxe2+ 23. Nxe2 Re8 24. Nc3 Re6 25. Rd8 Kg4 26. f4
Kh3 27. Rd2 g5 28. fxg5 Bxg5 29. Rf2 Ng4 30. Rf7 h6 31. Rxb7 Kxh2 32. Rc7 Ne3+
33. Kd3 Rd6+ 34. Ke2 Rd2+ 35. Kf3 Nxc4 36. Rxc5 Rf2+ 37. Kg4 Ne3+ 38. Kh5 Nf5
39. g4 Ng7+ 40. Kg6 Ne6 41. Ra5 Rf6+ 42. Kh7 Rf7+ 43. Kg6 Rf4 44. Nd5 Rd4 45.
Kf5 Nd8 46. Nc3 Rf4+ 47. Kg6 Rf6+ 48. Kh7 Re6 49. Ra4 Kh3 50. Ne4 Be3 51. Kg7
Nb7 52. Kf7 Rxe4 0-1

[Event "Ukraine Women`s Final - 2015					"]
[Site "Lviv"]
[Date "2015.12.05"]
[Round "1.2"]
[White "Buksa, Nataliya"]
[Black "Doluhanova, Evgeniya"]
[Result "1/2-1/2"]
[WhiteElo "2287"]
[BlackElo "2301"]
[PlyCount "93"]
[EventDate "2015.12.05"]

1. e4 c5 2. Nf3 d6 3. d4 cxd4 4. Nxd4 Nf6 5. Nc3 a6 6. Bc4 e6 7. a3 Be7 8. O-O
Bd7 9. Ba2 Nc6 10. Be3 Nxd4 11. Bxd4 Bc6 12. Qd3 O-O 13. f4 e5 14. fxe5 dxe5
15. Bxe5 Ng4 16. Bg3 Bf6 17. Kh1 Qxd3 18. cxd3 Rad8 19. Rf3 Rd7 20. Raf1 Rfd8
21. h3 Nh6 22. Bb1 Bd4 23. Bf4 f6 24. Bxh6 gxh6 25. Ba2+ Kh8 26. Bc4 Rg7 27.
Nd5 Bxd5 28. Bxd5 Bxb2 29. a4 Rc7 30. R3f2 Bd4 31. Rf3 b5 32. axb5 axb5 33. Rb1
Rb8 34. Rg3 b4 35. h4 Rg7 36. Rxg7 Kxg7 37. h5 Kf8 38. Kh2 Ke7 39. Kg3 Kd6 40.
Kf4 Bc3 41. Ke3 Ke5 42. g4 Bd4+ 43. Kf3 Rb5 44. Bg8 Rb7 45. Bd5 Rb8 46. Bc4 Rb6
47. Bg8 $11 1/2-1/2

[Event "Ukraine Women`s Final - 2015					"]
[Site "Lviv"]
[Date "2015.12.05"]
[Round "1.3"]
[White "Rakhmangulova, Anastasiya"]
[Black "Hrabinska, Myroslava"]
[Result "0-1"]
[WhiteElo "2234"]
[BlackElo "2236"]
[PlyCount "158"]
[EventDate "2015.12.05"]

1. e4 c5 2. Nf3 d6 3. d4 cxd4 4. Nxd4 e6 5. Nc3 Nc6 6. Nb3 Be7 7. Bf4 e5 8. Be3
Nf6 9. Be2 O-O 10. Qd2 Ng4 11. Bxg4 Bxg4 12. Nd5 Re8 13. h3 Be6 14. O-O-O Bf8
15. Kb1 f5 16. Bg5 Qd7 17. exf5 Bxf5 18. h4 Qf7 19. g4 Be4 20. Rh3 Rac8 21. Nc3
Bf3 22. Rg1 Nd8 23. Qe3 Bc6 24. f4 Ne6 25. f5 Nc7 26. Na5 Nd5 27. Qd2 Nxc3+ 28.
Rxc3 Be4 29. Rf1 Rxc3 30. Qxc3 d5 31. Qb3 d4 32. Qxf7+ Kxf7 33. Rd1 Bf3 34. Rf1
Bxg4 35. Nxb7 h6 36. Bd2 e4 37. Ba5 Be7 38. Bc7 e3 39. Bg3 e2 40. Re1 Bb4 41.
Nd6+ Bxd6 42. Bxd6 Rd8 43. Bb4 d3 44. cxd3 Rxd3 45. Kc2 Rd1 46. Bd2 Bxf5+ 47.
Kc3 Bg4 48. b4 Kg6 49. a4 Kh5 50. b5 Kxh4 51. Kd3 Kg3 52. Ke3 Bf3 53. a5 h5 54.
b6 axb6 55. axb6 h4 56. Bc3 h3 57. Be5+ Kg4 58. Rxe2 Rb1 59. Rd2 Bg2 60. Rd4+
Kf5 61. Bc7 g5 62. Kf2 Be4 63. Kg3 g4 64. Rd2 Rb3+ 65. Kh2 Bg2 66. Rf2+ Kg6 67.
Rd2 Kg5 68. Rc2 Rb5 69. Kg3 Be4 70. Ra2 Rd5 71. Rb2 Rd3+ 72. Kh2 Bb7 73. Rb4
Rd2+ 74. Kg1 Rg2+ 75. Kf1 h2 76. Bxh2 Rxh2 77. Ra4 g3 78. Ra5+ Kf6 79. Ra3 Rh1+
0-1

[Event "Ukraine Women`s Final - 2015					"]
[Site "Lviv"]
[Date "2015.12.05"]
[Round "1.4"]
[White "Gutsko, Anastasia"]
[Black "Dolzhykova, Kateryna"]
[Result "1-0"]
[WhiteElo "2177"]
[BlackElo "2247"]
[PlyCount "67"]
[EventDate "2015.12.05"]

1. e4 c5 2. c3 d6 3. d4 Nf6 4. Bd3 g6 5. Ne2 Bg7 6. O-O O-O 7. f3 Qc7 8. Be3
Nbd7 9. a4 Rb8 10. Na3 a6 11. b4 b6 12. Qd2 Rd8 13. Bc4 Nf8 14. Rfd1 Bb7 15.
Qa2 e6 16. bxc5 bxc5 17. dxc5 dxc5 18. Bf4 e5 19. Be3 Bc6 20. Nc2 Qa7 21. Nb4
Rxd1+ 22. Rxd1 Ba8 23. Nxa6 Rc8 24. Nb4 Qe7 25. Nd3 N8d7 26. Nec1 Nb6 27. Ba6
Rc7 28. a5 Nbd7 29. Bc4 Nxe4 30. fxe4 Bxe4 31. Rf1 Nf6 32. a6 Ba8 33. Nb3 e4
34. Ndxc5 1-0

[Event "Ukraine Women`s Final - 2015					"]
[Site "Lviv"]
[Date "2015.12.05"]
[Round "1.5"]
[White "Osmak, Iulija"]
[Black "Kalinina, Olga"]
[Result "1-0"]
[WhiteElo "2334"]
[BlackElo "2350"]
[PlyCount "137"]
[EventDate "2015.12.05"]

1. e4 c5 2. Nf3 e6 3. d4 cxd4 4. Nxd4 a6 5. Bd3 Bc5 6. Nb3 Be7 7. O-O d6 8. Qg4
g6 9. Qg3 Nc6 10. c4 b6 11. Nc3 Bb7 12. Rd1 Nf6 13. Bh6 Ne5 14. Be2 Qc7 15.
Rac1 Rc8 16. Nd2 Ned7 17. Qh3 Nc5 18. Qe3 Ncd7 19. b4 Qb8 20. a3 Ba8 21. h3 Bf8
22. Bxf8 Kxf8 23. c5 dxc5 24. Bxa6 Rd8 25. Qh6+ Ke7 26. Bf1 Nh5 27. Nc4 Qf4 28.
Qxf4 Nxf4 29. bxc5 Nxc5 30. Nxb6 Nxe4 31. Nxe4 Rxd1 32. Rxd1 Bxe4 33. Rd7+ Kf6
34. Rd4 Nd5 35. Nd7+ Ke7 36. Rxe4 Kxd7 37. Bb5+ Kc7 38. a4 Kb6 39. Rc4 Ne7 40.
Rd4 Nd5 41. Rc4 Ne7 42. Kf1 Rd8 43. Ke2 Rd6 44. Be8 f5 45. Rh4 h5 46. Rb4+ Kc5
47. Rb5+ Kd4 48. Rb7 Nd5 49. g3 h4 50. Bxg6 hxg3 51. fxg3 Rc6 52. Rb3 Ke4 53.
Kd2 e5 54. Bh5 Kd4 55. Rd3+ Kc5 56. Bf7 Nf6 57. Rc3+ Kd6 58. Rxc6+ Kxc6 59. Ke3
Ne4 60. Be8+ Kc5 61. Kf3 Ng5+ 62. Kg2 f4 63. h4 Ne6 64. h5 e4 65. gxf4 Nxf4+
66. Kg3 e3 67. h6 e2 68. Kf2 Kd4 69. h7 1-0

[Event "Ukraine Women`s Final - 2015					"]
[Site "Lviv"]
[Date "2015.12.06"]
[Round "2.1"]
[White "Soloviova, Liza"]
[Black "Kalinina, Olga"]
[Result "0-1"]
[WhiteElo "2315"]
[BlackElo "2350"]
[PlyCount "82"]
[EventDate "2015.12.05"]

1. d4 Nf6 2. Bg5 Ne4 3. Bf4 d5 4. e3 c5 5. Bd3 Nf6 6. c3 Qb6 7. Qc2 Bg4 8. Nd2
Nc6 9. Ngf3 e6 10. dxc5 Bxc5 11. b4 Be7 12. O-O Rc8 13. a3 O-O 14. Ne5 Bh5 15.
c4 Nxe5 16. Bxe5 dxc4 17. Nxc4 Qc6 18. Qb3 Qd5 19. e4 Nxe4 20. Rfe1 Nf6 21. f3
Bg6 22. Bf1 b5 23. Na5 Qxb3 24. Nxb3 a6 25. Rac1 Nd7 26. Bd4 Bg5 27. Rxc8 Rxc8
28. Nc5 Nxc5 29. Bxc5 Bc2 30. g3 Rd8 31. f4 Bf6 32. Rc1 Be4 33. Bb6 Rb8 34. Rc7
Bd8 35. Ba5 Bxc7 36. Bxc7 Rc8 37. Be5 f6 38. Bd4 Rc2 39. a4 bxa4 40. Bxa6 a3
41. b5 Bd3 0-1

[Event "Ukraine Women`s Final - 2015					"]
[Site "Lviv"]
[Date "2015.12.06"]
[Round "2.2"]
[White "Dolzhykova, Kateryna"]
[Black "Osmak, Iulija"]
[Result "0-1"]
[WhiteElo "2247"]
[BlackElo "2334"]
[PlyCount "32"]
[EventDate "2015.12.05"]

1. e4 e6 2. d4 d5 3. exd5 exd5 4. Nf3 Nc6 5. Bb5 Bd6 6. O-O Nge7 7. c4 dxc4 8.
d5 Nxd5 9. Bxc6+ bxc6 10. Re1+ Ne7 11. Nbd2 Be6 12. Rxe6 fxe6 13. Ng5 Qd7 14.
Qg4 O-O 15. Nxe6 Nd5 16. Nf3 Rae8 0-1

[Event "Ukraine Women`s Final - 2015					"]
[Site "Lviv"]
[Date "2015.12.06"]
[Round "2.3"]
[White "Hrabinska, Myroslava"]
[Black "Gutsko, Anastasia"]
[Result "1-0"]
[WhiteElo "2236"]
[BlackElo "2177"]
[PlyCount "81"]
[EventDate "2015.12.05"]

1. e4 c6 2. d4 d5 3. e5 Bf5 4. Nd2 e6 5. g4 Bg6 6. Ne2 c5 7. h4 h5 8. Nf4 Bh7
9. Nxh5 cxd4 10. Nb3 Qc7 11. Bb5+ Nd7 12. Nxd4 Qxe5+ 13. Kf1 Qc7 14. Bf4 e5 15.
Qe2 Be4 16. f3 exf4 17. fxe4 O-O-O 18. Rh3 Qe5 19. Bxd7+ Rxd7 20. Rc3+ Kd8 21.
Nf3 Qxe4 22. Qxe4 dxe4 23. Ne5 Bd6 24. Nxd7 Kxd7 25. Rd1 g6 26. Nxf4 Rxh4 27.
Rh3 Rxg4 28. Nd5 Ke6 29. c4 Ne7 30. a3 b6 31. b4 f5 32. Ne3 Rf4+ 33. Ke2 a5 34.
c5 bxc5 35. bxa5 Nc6 36. a6 c4 37. Rh6 Ne5 38. a7 Nd3 39. Rxg6+ Kf7 40. Rg2 Rf3
41. a8=Q 1-0

[Event "Ukraine Women`s Final - 2015					"]
[Site "Lviv"]
[Date "2015.12.06"]
[Round "2.4"]
[White "Doluhanova, Evgeniya"]
[Black "Rakhmangulova, Anastasiya"]
[Result "0-1"]
[WhiteElo "2301"]
[BlackElo "2234"]
[PlyCount "104"]
[EventDate "2015.12.05"]

1. e4 d5 2. exd5 Qxd5 3. Nc3 Qd6 4. d4 Nf6 5. Nf3 g6 6. Nb5 Qd8 7. c4 Bg4 8.
Be2 Bg7 9. O-O O-O 10. Bf4 Na6 11. h3 Bxf3 12. Bxf3 c6 13. Nc3 Qd7 14. Re1 Rad8
15. Be5 Nc7 16. Qd2 Nfe8 17. Bxg7 Nxg7 18. Rad1 Nf5 19. Bg4 e6 20. Ne4 Qe7 21.
Qc3 Nd6 22. Ng3 Qf6 23. a4 h5 24. Bf3 Rd7 25. Re5 h4 26. Ne4 Nxe4 27. Rxe4 Rfd8
28. b4 Ne8 29. c5 Ng7 30. b5 Nf5 31. bxc6 bxc6 32. Rf4 e5 33. d5 cxd5 34. Rb4
Nd4 35. Bg4 Rc7 36. Rdb1 Qe7 37. Rb8 Rxb8 38. Rxb8+ Kg7 39. Qe3 Nc6 40. Ra8 e4
41. Qf4 Qe5 42. Qxe5+ Nxe5 43. Rc8 Rb7 44. c6 Rb1+ 45. Kh2 f5 46. c7 Rc1 47.
Bd1 Nd3 48. g4 f4 49. f3 e3 50. Be2 Nf2 51. g5 d4 52. Ba6 d3 0-1

[Event "Ukraine Women`s Final - 2015					"]
[Site "Lviv"]
[Date "2015.12.06"]
[Round "2.5"]
[White "Gaponenko, Inna"]
[Black "Buksa, Nataliya"]
[Result "1-0"]
[WhiteElo "2403"]
[BlackElo "2287"]
[PlyCount "86"]
[EventDate "2015.12.05"]

1. e4 e5 2. Nf3 Nc6 3. Bb5 f5 4. d3 fxe4 5. dxe4 Nf6 6. O-O Bc5 7. Bxc6 bxc6 8.
Nxe5 O-O 9. Bg5 Qe8 10. Bxf6 Rxf6 11. Nd3 Bd4 12. Nd2 d6 13. c3 Bb6 14. e5 dxe5
15. Ne4 Rf8 16. Ndc5 Bf5 17. Qe2 Qe7 18. b4 a5 19. a3 Qh4 20. Kh1 Kh8 21. Rae1
axb4 22. axb4 Ra3 23. Qb2 Ra7 24. Qe2 Ra3 25. Ng3 Bxc5 26. bxc5 Bg6 27. Qxe5
Bd3 28. Rg1 Ra4 29. Qe7 Qxe7 30. Rxe7 Rc4 31. Rxc7 Rxc5 32. Rc1 h6 33. f3 Rb8
34. h3 Kh7 35. Kh2 Rb3 36. Re1 Rbxc3 37. Ree7 Rg5 38. h4 Rg6 39. Nh5 Rc2 40.
Nf4 Bf1 41. Kg1 Bb5 42. Nxg6 Kxg6 43. Rxg7+ Kh5 1-0

[Event "Ukraine Women`s Final - 2015					"]
[Site "Lviv"]
[Date "2015.12.07"]
[Round "3.1"]
[White "Buksa, Nataliya"]
[Black "Soloviova, Liza"]
[Result "1/2-1/2"]
[WhiteElo "2287"]
[BlackElo "2315"]
[PlyCount "107"]
[EventDate "2015.12.05"]

1. e4 e6 2. d3 d5 3. Nd2 c5 4. g3 g6 5. Bg2 Bg7 6. Ngf3 Nc6 7. O-O Nge7 8. Qe2
O-O 9. c3 b6 10. e5 Ba6 11. Re1 Nf5 12. Nf1 h6 13. h4 b5 14. Ne3 Re8 15. Nc2 b4
16. c4 Rc8 17. b3 Bb7 18. Bf4 Rc7 19. Rad1 Rd7 20. Kh2 a5 21. Kh3 dxc4 22. dxc4
Ree7 23. Kh2 Rxd1 24. Rxd1 Rd7 25. Rxd7 Qxd7 26. Qd2 Qc7 27. Kg1 Nce7 28. Qe2
Bxf3 29. Bxf3 Nc6 30. Bxc6 Qxc6 31. Qd3 Kh7 32. Kh2 a4 33. Kg1 axb3 34. axb3
Qc7 35. Qe4 Qd7 36. Kg2 Qd1 37. Be3 Nxe3+ 38. Nxe3 Qxb3 39. h5 Qc3 40. hxg6+
fxg6 41. Ng4 h5 42. Nf6+ Bxf6 43. exf6 Qxf6 44. Qb7+ Kh6 45. Qc8 b3 46. Qxc5 b2
47. Qb4 Qd4 48. Qf8+ Kg5 49. Qe7+ Qf6 50. Qb4 Qd4 51. Qe7+ Kf5 52. Qf7+ Qf6 53.
Qb7 Qd4 54. Qf7+ 1/2-1/2

[Event "Ukraine Women`s Final - 2015					"]
[Site "Lviv"]
[Date "2015.12.07"]
[Round "3.2"]
[White "Rakhmangulova, Anastasiya"]
[Black "Gaponenko, Inna"]
[Result "1-0"]
[WhiteElo "2234"]
[BlackElo "2403"]
[PlyCount "137"]
[EventDate "2015.12.05"]

1. e4 c5 2. Nf3 d6 3. d4 cxd4 4. Nxd4 Nf6 5. Nc3 Nc6 6. Bg5 e6 7. Qd2 a6 8.
O-O-O Bd7 9. f4 b5 10. Nxc6 Bxc6 11. Bd3 b4 12. e5 dxe5 13. fxe5 Qa5 14. Be4
Nxe4 15. Nxe4 Qd5 16. Qf2 Qxe4 17. Qb6 f6 18. exf6 Ba4 19. b3 Rc8 20. Rd2 gxf6
21. Qf2 Qe5 22. Bxf6 Qc7 23. Qe2 Qf7 24. Qxa6 Rxc2+ 25. Rxc2 Qxf6 26. Qxa4+ Kf7
27. Qd7+ Be7 28. Kb1 Rd8 29. Qb5 Kg6 30. Rf1 Qd4 31. Qc4 Qxc4 32. bxc4 Bc5 33.
Kb2 Rd3 34. Rf3 Bd4+ 35. Kc1 Be3+ 36. Rxe3 Rxe3 37. c5 b3 38. axb3 Rxb3 39. c6
Rb8 40. Kd2 Kf7 41. c7 Rc8 42. g4 Ke7 43. h4 Kd6 44. g5 Ke5 45. Ke3 Kf5 46. Kf3
Ke5 47. Kg4 Ke4 48. h5 e5 49. g6 hxg6 50. hxg6 Kd3 51. Rc6 e4 52. Rd6+ Ke2 53.
Rd7 e3 54. g7 Kf2 55. Rf7+ Kg2 56. Rf8 e2 57. g8=Q e1=Q 58. Rxc8 Qe4+ 59. Kh5+
Kh3 60. Re8 Qf5+ 61. Kh6 Qf6+ 62. Kh7 Qh4+ 63. Kg7 Qd4+ 64. Kf8 Qd6+ 65. Re7
Qf6+ 66. Rf7 Qd6+ 67. Kg7 Qe5+ 68. Rf6 Qg5+ 69. Kh7 1-0

[Event "Ukraine Women`s Final - 2015					"]
[Site "Lviv"]
[Date "2015.12.07"]
[Round "3.3"]
[White "Gutsko, Anastasia"]
[Black "Doluhanova, Evgeniya"]
[Result "1/2-1/2"]
[WhiteElo "2177"]
[BlackElo "2301"]
[PlyCount "100"]
[EventDate "2015.12.05"]

1. e4 c5 2. c3 Nf6 3. e5 Nd5 4. d4 cxd4 5. Nf3 Nc6 6. cxd4 d6 7. Bc4 Nb6 8. Bb5
dxe5 9. Nxe5 Bd7 10. Nxd7 Qxd7 11. Nc3 e6 12. O-O Rd8 13. Qg4 h5 14. Qf3 a6 15.
Bxc6 Qxc6 16. Qxc6+ bxc6 17. Be3 f5 18. Rac1 Kd7 19. Ne2 Nd5 20. Bf4 Bd6 21.
Bxd6 Kxd6 22. Rc4 Rb8 23. b3 Rhc8 24. Rfc1 g5 25. h3 h4 26. R1c2 a5 27. Nc1 Rb5
28. Rc5 Rxc5 29. dxc5+ Ke5 30. Rc4 Rd8 31. Nd3+ Kf6 32. Kf1 e5 33. Rc1 e4 34.
Nb2 Nb4 35. a3 Nd3 36. Rd1 Ke5 37. Nc4+ Kd4 38. Nxa5 Kc3 39. b4 Kc2 40. Ra1 Ne5
41. Nb7 Rd4 42. Nd6 f4 43. Re1 Nc4 44. Nf5 Rd3 45. Ne7 e3 46. fxe3 Nxe3+ 47.
Kf2 Nd1+ 48. Kf1 Ne3+ 49. Kf2 Nd1+ 50. Kf1 Ne3+ 1/2-1/2

[Event "Ukraine Women`s Final - 2015					"]
[Site "Lviv"]
[Date "2015.12.07"]
[Round "3.4"]
[White "Osmak, Iulija"]
[Black "Hrabinska, Myroslava"]
[Result "1/2-1/2"]
[WhiteElo "2334"]
[BlackElo "2236"]
[PlyCount "62"]
[EventDate "2015.12.05"]

1. e4 c5 2. Nf3 e6 3. d4 cxd4 4. Nxd4 Nc6 5. Nc3 Qc7 6. g3 a6 7. Bg2 Nf6 8. Nb3
Be7 9. O-O O-O 10. f4 d6 11. g4 d5 12. e5 Nd7 13. Ne2 f6 14. Ned4 Nxd4 15. Nxd4
Bc5 16. exf6 Nxf6 17. c3 e5 18. fxe5 Bxg4 19. Qe1 Rae8 20. Bf4 Nh5 21. Qd2 Be6
22. Kh1 Bxd4 23. cxd4 Nxf4 24. Rxf4 Rxf4 25. Qxf4 Rf8 26. Qd2 h6 27. Kg1 Rc8
28. Rf1 Qc2 29. Qxc2 Rxc2 30. Rf2 Rc1+ 31. Rf1 Rc2 $11 1/2-1/2

[Event "Ukraine Women`s Final - 2015					"]
[Site "Lviv"]
[Date "2015.12.07"]
[Round "3.5"]
[White "Kalinina, Olga"]
[Black "Dolzhykova, Kateryna"]
[Result "1-0"]
[WhiteElo "2350"]
[BlackElo "2247"]
[PlyCount "61"]
[EventDate "2015.12.05"]

1. e4 d6 2. d4 Nf6 3. Nc3 e5 4. f4 exd4 5. Qxd4 Nc6 6. Bb5 Bd7 7. Qd3 Be7 8.
Nf3 O-O 9. a3 a6 10. Bc4 b5 11. Bd5 Rb8 12. b4 Re8 13. O-O Bf8 14. Ng5 Re7 15.
Nxf7 Rxf7 16. Bxf7+ Kxf7 17. e5 dxe5 18. fxe5 Nxe5 19. Qd5+ Be6 20. Qxe5 Bd6
21. Qe1 Bc4 22. Rf3 Kg8 23. h3 Qd7 24. Bf4 Re8 25. Qd2 Re6 26. Rd1 Qc6 27. Qf2
Bf8 28. Rd8 Re7 29. Bg5 Rf7 30. Be3 Rd7 31. Rb8 1-0

[Event "Ukraine Women`s Final - 2015					"]
[Site "Lviv"]
[Date "2015.12.08"]
[Round "4.1"]
[White "Soloviova, Liza"]
[Black "Dolzhykova, Kateryna"]
[Result "1-0"]
[WhiteElo "2315"]
[BlackElo "2247"]
[PlyCount "47"]
[EventDate "2015.12.05"]

1. c4 e5 2. Nc3 Bb4 3. Nd5 Bc5 4. e3 c6 5. d4 Bd6 6. Nc3 Nf6 7. Nf3 exd4 8.
Qxd4 Qe7 9. Qh4 Na6 10. Bd3 Nc5 11. Bc2 a5 12. g4 h6 13. g5 Nh7 14. Rg1 Ne6 15.
e4 b5 16. cxb5 cxb5 17. Nd5 Bb4+ 18. Kf1 Qc5 19. Bd3 hxg5 20. Bxg5 Qa7 21. Be3
Qb8 22. a3 Bf8 23. Rc1 Ba6 24. Nd4 1-0

[Event "Ukraine Women`s Final - 2015					"]
[Site "Lviv"]
[Date "2015.12.08"]
[Round "4.2"]
[White "Hrabinska, Myroslava"]
[Black "Kalinina, Olga"]
[Result "0-1"]
[WhiteElo "2236"]
[BlackElo "2350"]
[PlyCount "118"]
[EventDate "2015.12.05"]

1. e4 c5 2. Nf3 e6 3. d4 cxd4 4. Nxd4 a6 5. c4 Nf6 6. Nc3 Qc7 7. a3 b6 8. Be3
Bb7 9. f3 Nc6 10. b4 Rb8 11. Rc1 Ne5 12. Be2 Be7 13. O-O h5 14. Bf4 d6 15. c5
bxc5 16. bxc5 Qxc5 17. Nd5 Qa7 18. Nxe7 Kxe7 19. Be3 Qa8 20. Rc7+ Ned7 21. Nc6+
Bxc6 22. Ra7 Bxe4 23. Rxa8 Bxa8 24. Bxa6 Bd5 25. a4 Rb3 26. Re1 e5 27. Bb5 Rc8
28. Bg5 Ke6 29. f4 g6 30. fxe5 dxe5 31. Bxf6 Nxf6 32. Qd4 Ne4 33. Qb6+ Nd6 34.
Rd1 Rc2 35. Kf1 Rbb2 36. Qa7 Bxg2+ 37. Kg1 Bb7 38. Rxd6+ Kxd6 39. Qb8+ Kc5 40.
Qa7+ Kd6 41. Qb8+ Ke6 42. Qe8+ Kd5 43. Qxf7+ Kd4 44. Qd7+ Bd5 45. Qa7+ Ke4 46.
Bf1 Rc1 47. Qa6 Bc4 48. Qxg6+ Kd4 49. Qd6+ Bd5 50. Qg6 Rg2+ 51. Qxg2 Bxg2 52.
Kxg2 Ra1 53. Bb5 Ke3 54. Kg3 e4 55. Kh4 Kf4 56. Kxh5 e3 57. h4 Rxa4 58. Kg6 Rb4
59. Be2 Rb2 0-1

[Event "Ukraine Women`s Final - 2015					"]
[Site "Lviv"]
[Date "2015.12.08"]
[Round "4.3"]
[White "Doluhanova, Evgeniya"]
[Black "Osmak, Iulija"]
[Result "0-1"]
[WhiteElo "2301"]
[BlackElo "2334"]
[PlyCount "130"]
[EventDate "2015.12.05"]

1. e4 d6 2. d4 Nf6 3. Nc3 e5 4. Nf3 Nbd7 5. Bc4 Be7 6. O-O O-O 7. a4 c6 8. h3
exd4 9. Nxd4 Ne5 10. Be2 Re8 11. Be3 Bf8 12. Nf3 Qa5 13. Nd2 Qc7 14. f4 Ng6 15.
Bd3 d5 16. e5 Nd7 17. Qh5 Bc5 18. Bxc5 Nxc5 19. a5 Qe7 20. Rae1 Nxd3 21. cxd3
Qb4 22. f5 Nxe5 23. f6 Bd7 24. fxg7 Qd4+ 25. Kh1 Ng6 26. Nf3 Qxg7 27. Nh4 Rxe1
28. Rxe1 Qf6 29. Nxg6 hxg6 30. Qh6 Re8 31. Rxe8+ Bxe8 32. Qe3 Kf8 33. Qxa7 Qf1+
34. Qg1 Qxd3 35. Qc5+ Kg7 36. Kh2 Qf5 37. Qd6 Qd7 38. Qb8 Qe7 39. Na4 c5 40.
Nxc5 Qxc5 41. Qxe8 Qc7+ 42. Kh1 Qc1+ 43. Kh2 Qxb2 44. Qb8 Qc3 45. Qxb7 Qxa5 46.
Qb2+ Kh7 47. Qb7 Kg7 48. Qb2+ Kf8 49. Qb8+ Ke7 50. Qb7+ Kf6 51. Qc6+ Kg7 52.
Qd6 Qb5 53. Qe5+ Kg8 54. h4 Qc4 55. Kg3 Qd3+ 56. Kg4 d4 57. Qe8+ Kg7 58. Qe5+
Kh7 59. g3 Qd1+ 60. Kh3 Qf1+ 61. Kh2 d3 62. Qd5 Qf2+ 63. Kh3 d2 64. h5 Qf1+ 65.
Kh2 Qe2+ 0-1

[Event "Ukraine Women`s Final - 2015					"]
[Site "Lviv"]
[Date "2015.12.08"]
[Round "4.4"]
[White "Gaponenko, Inna"]
[Black "Gutsko, Anastasia"]
[Result "1/2-1/2"]
[WhiteElo "2403"]
[BlackElo "2177"]
[PlyCount "129"]
[EventDate "2015.12.05"]

1. e4 c6 2. d4 d5 3. exd5 cxd5 4. c4 Nf6 5. Nc3 Nc6 6. Nf3 Bg4 7. cxd5 Nxd5 8.
Qb3 Bxf3 9. gxf3 e6 10. Qxb7 Nxd4 11. Bb5+ Nxb5 12. Qc6+ Ke7 13. Qxb5 Qd7 14.
Nxd5+ Qxd5 15. Bg5+ f6 16. Qxd5 exd5 17. Be3 Ke6 18. O-O-O Bb4 19. a3 Rhc8+ 20.
Kb1 Bc5 $11 21. Rhe1 Bxe3 22. Rxe3+ Kd6 23. Rde1 Rc4 24. Re6+ Kc5 25. Rg1 Rf4
26. Rc1+ Kb5 27. Rec6 Rc4 28. R1xc4 dxc4 29. Rc7 Re8 30. Rb7+ Kc5 31. Rxa7 Re2
32. Rxg7 Rxf2 33. Rxh7 Rxf3 34. h4 f5 35. h5 Rf1+ 36. Ka2 Rh1 37. h6 f4 38. Rf7
Rxh6 39. Rf5+ Kb6 40. Rxf4 Kb5 41. Rf5+ Kb6 42. a4 Rh3 43. Rb5+ Kc6 44. Kb1 Rh2
45. Rb8 Kc5 46. Rb5+ Kc6 47. Rb8 Kc5 48. a5 Rh6 49. Kc2 Rh2+ 50. Kc3 Rh3+ 51.
Kd2 Rh2+ 52. Ke3 Rh3+ 53. Kd2 Rh2+ 54. Kc3 Rh3+ 55. Kc2 Rh2+ 56. Kb1 Rh6 57.
Ra8 Kb5 58. Kc2 Rh2+ 59. Kc3 Rh3+ 60. Kd4 Rh4+ 61. Kc3 Rh3+ 62. Kc2 Rh2+ 63.
Kb1 Rh6 64. Rc8 Rh4 65. Ra8 1/2-1/2

[Event "Ukraine Women`s Final - 2015					"]
[Site "Lviv"]
[Date "2015.12.08"]
[Round "4.5"]
[White "Buksa, Nataliya"]
[Black "Rakhmangulova, Anastasiya"]
[Result "1/2-1/2"]
[WhiteElo "2287"]
[BlackElo "2234"]
[PlyCount "94"]
[EventDate "2015.12.05"]

1. e4 c6 2. c4 d5 3. exd5 cxd5 4. d4 dxc4 5. Bxc4 Nf6 6. Nf3 Nc6 7. h3 g6 8.
Nc3 Bg7 9. O-O O-O 10. Be3 Na5 11. Bd3 Be6 12. Ne5 Rc8 13. Qe2 Nd5 14. Nxd5
Bxd5 15. Bd2 Nc6 16. Bc3 e6 17. Qe3 Qh4 18. Kh2 Rcd8 19. g3 Qe7 20. a3 Rfe8 21.
Rae1 Qc7 22. h4 a6 23. h5 Nxe5 24. dxe5 Bc4 25. Bxc4 Qxc4 26. hxg6 hxg6 27. Rh1
Rd3 28. Qg5 Rf3 29. Kg1 Rf5 30. Qe3 Rd8 31. Rh4 Qc6 32. Qe4 Qxe4 33. Rhxe4 Rf3
34. Rc4 Rfd3 35. Ree4 Bf8 36. Kg2 Kg7 37. Rc7 R8d7 38. Rec4 R3d5 39. Kf3 Rd3+
40. Ke4 R3d5 41. f4 Be7 42. g4 Bd8 43. Rxd7 Rxd7 44. Bd4 Rc7 45. Rxc7 Bxc7 46.
Bc5 f5+ 47. exf6+ Kxf6 $11 1/2-1/2

[Event "Ukraine Women`s Final - 2015					"]
[Site "Lviv"]
[Date "2015.12.10"]
[Round "5.1"]
[White "Rakhmangulova, Anastasiya"]
[Black "Soloviova, Liza"]
[Result "1-0"]
[WhiteElo "2234"]
[BlackElo "2315"]
[PlyCount "127"]
[EventDate "2015.12.05"]

1. e4 Nf6 2. e5 Nd5 3. d4 d6 4. Nf3 dxe5 5. Nxe5 c6 6. Bd3 Nd7 7. O-O Nxe5 8.
dxe5 g6 9. Be4 Nb6 10. Qxd8+ Kxd8 11. Rd1+ Kc7 12. Bf4 Be6 13. Nd2 Bg7 14. Nf3
Na4 15. Ng5 Nxb2 16. Rd4 c5 17. Rd2 Nc4 18. Re2 Rad8 19. Rb1 b6 20. Bd3 Rd4 21.
Bg3 Na3 22. Rbe1 c4 23. Be4 Kc8 24. Re3 Nb5 25. Rf3 Rhd8 26. Kf1 Rd1 27. Nxe6
fxe6 28. a4 Rxe1+ 29. Kxe1 Nd4 30. Rf7 Bf8 31. Rxh7 c3 32. Bf4 a5 33. Rh3 Nf5
34. Rxc3+ Kb8 35. g4 Rd4 36. f3 Rxa4 37. Bg5 Nd4 38. Bxg6 Ra1+ 39. Kf2 a4 40.
Be3 Nb5 41. Rc6 Nc7 42. Rxb6+ Kc8 43. c4 a3 44. Rb1 Ra2+ 45. Kg3 Re2 46. Bd4 a2
47. Rd1 Bh6 48. f4 Na6 49. g5 Bg7 50. Bd3 a1=Q 51. Bxa1 Ra2 52. h4 Nb4 53. Bc3
Nc6 54. Ra1 Rxa1 55. Bxa1 Kc7 56. h5 Kd7 57. h6 Bf8 58. Kg4 Ke8 59. Bg6+ Kd7
60. Kh5 Nd8 61. Bc3 Kc6 62. Be8+ Kc5 63. Kg6 Kxc4 64. h7 1-0

[Event "Ukraine Women`s Final - 2015					"]
[Site "Lviv"]
[Date "2015.12.10"]
[Round "5.2"]
[White "Gutsko, Anastasia"]
[Black "Buksa, Nataliya"]
[Result "1-0"]
[WhiteElo "2177"]
[BlackElo "2287"]
[PlyCount "78"]
[EventDate "2015.12.05"]

1. e4 c5 2. Nf3 e6 3. c3 Qa5 4. Bc4 b5 5. Bb3 Bb7 6. Qe2 d6 7. O-O c4 8. Bc2
Nf6 9. d3 cxd3 10. Bxd3 a6 11. Bg5 Nbd7 12. Nbd2 Be7 13. a4 bxa4 14. b4 Qc7 15.
Nc4 d5 16. exd5 Bxd5 17. Rxa4 O-O 18. Ra3 Rfc8 19. Na5 Ng4 20. g3 Bxf3 21. Qxf3
Nde5 22. Qe2 Bxg5 23. Bxa6 Rcb8 24. b5 Be7 25. Ra4 Nf6 26. f4 Ned7 27. Nc6 Bc5+
28. Kg2 Rb6 29. Qf3 Rf8 30. c4 Nb8 31. Nxb8 Qxb8 32. Rd1 h5 33. h3 Qa8 34. Ra2
Ne4 35. Rc2 g6 36. Rd3 Rd6 37. Rxd6 Nxd6 38. Qc6 Nf5 39. Qxa8 Rxa8 1-0

[Event "Ukraine Women`s Final - 2015					"]
[Site "Lviv"]
[Date "2015.12.10"]
[Round "5.3"]
[White "Osmak, Iulija"]
[Black "Gaponenko, Inna"]
[Result "1/2-1/2"]
[WhiteElo "2334"]
[BlackElo "2403"]
[PlyCount "140"]
[EventDate "2015.12.05"]

1. e4 d6 2. d4 Nf6 3. Nc3 g6 4. f4 Bg7 5. Nf3 O-O 6. Be3 b6 7. Qe2 Ba6 8. Qd2
Bb7 9. e5 Ng4 10. h3 Nxe3 11. Qxe3 c5 12. O-O-O cxd4 13. Nxd4 Nc6 14. exd6 exd6
15. Ndb5 Qe7 16. Nd5 Qxe3+ 17. Nxe3 Rad8 18. Bc4 Rfe8 19. Rhe1 Bf8 20. Nd5 Rxe1
21. Rxe1 Na5 22. Nf6+ Kg7 23. Re8 Kxf6 24. Rxd8 Be7 25. Rb8 Bxg2 26. Bd3 d5 27.
Nxa7 Bc5 28. h4 h5 29. Nc8 Nc6 30. Rxb6 Bxb6 31. Nxb6 Be4 32. Kd2 Bxd3 33. Kxd3
Nb4+ 34. Ke2 Kf5 35. Kf3 d4 36. a4 Nxc2 37. a5 Nb4 38. Nc4 f6 39. Nd6+ Ke6 40.
Ne4 Na6 41. b3 f5 42. Nf2 Kd5 43. Nd3 Kc6 44. Ne5+ Kb5 45. Ke2 Nc5 46. b4 Ne6
47. Nxg6 Nc7 48. Kd3 Ne6 49. Ne7 Nxf4+ 50. Kxd4 Ne2+ 51. Ke3 Nc3 52. Kf4 Kxb4
53. a6 Nb5 54. Nc6+ Kc5 55. a7 Nc7 56. Ne7 Kb6 57. a8=Q Nxa8 58. Kg5 Nc7 59.
Kxh5 Ne6 60. Nxf5 Kc7 61. Kg6 Kd7 62. Kf7 Nf4 63. Ng7 Kd6 64. Kf6 Nd5+ 65. Kf5
Ke7 66. h5 Kf7 67. h6 Ne7+ 68. Kg5 Ng8 69. h7 Kxg7 70. hxg8=Q+ Kxg8 1/2-1/2